000
00306nam a22001217a 4500
082
_a
823
_b
PAN/F
100
_a
PREISS, PANLINE
245
_a
FULL HOUSE MICHELLE, MY HO HO HORRIBLE X'MAS
260
_a
UNITED KINGDOM
_b
POCKET BOOKS
_c
1997
300
_a
87
650
_a
ENGLISH STORY
_z
POCKET BOOKS
942
_c
BK
999
_c
7276
_d
7276